Residencia en la tierra 1925-1935

Salvato in:
Dettagli Bibliografici
Autore principale: Neruda, Pablo (autor)
Natura: Libro
Lingua:spagnolo
Pubblicazione: Buenos Aires Losada 1969
Edizione:3a. ed
Serie:Biblioteca Clásica y Contemporánea
Soggetti:
Tags: Aggiungi Tag
Nessun Tag, puoi essere il primo ad aggiungerne!!

MARC

LEADER 00000nam a2200000 a 4500
001 UCT4166
003 CL-VaPUC
008 961108e19690000AG |||||||||||||||||spa|d
082 0 4 |a Ch861  |b NER  |2 21 
100 |a Neruda, Pablo  |e autor  |9 306531 
245 1 0 |a Residencia en la tierra 1925-1935 
250 |a 3a. ed 
300 |a 139 p 
942 |c BK 
945 |d 19961108 00:00:00  |a rleighto 
260 |a Buenos Aires  |b Losada  |c 1969 
650 0 |a Poesías chilenas   |9 265280 
583 |a last modification  |c 20180425 12:34:52  |k Rodrigo Vera 
490 0 |a Biblioteca Clásica y Contemporánea 
999 |c 303402  |d 303400